000 00968cam a22002534a 4500
001 13118155
005 20250325112354.0
008 030310s2003 ii a b 001 0 eng
020 _a0761996397 (USHB)
020 _a0761996400 (USPB)
020 _a8178292696 (IndiaHB)
020 _a817829270X (IndiaPB)
050 0 0 _aHD6812
_b.V46 2003
082 0 0 _a331.89/0954
_221
100 1 _aVenkata Ratnam, C. S.
245 1 0 _aNegotiated change :
_bcollective bargaining, liberalization and restructuring in India /
_cC.S. Venkata Ratnam.
260 _aNew Delhi ;
_aThousand Oaks, Calif. :
_bResponse Books,
_c2003.
300 _axviii, 367 p. :
_bill. ;
_c22 cm.
650 0 _aCollective bargaining
_zIndia.
650 0 _aIndustrial relations
_zIndia.
856 4 1 _3Table of contents only
_uhttp://www.loc.gov/catdir/toc/ecip041/2003005746.html
856 4 2 _3Publisher description
_uhttp://www.loc.gov/catdir/enhancements/fy0657/2003005746-d.html
942 _2lcc
_cBK
_n0
999 _c5178
_d5178